000 00308nam a22001217a 4500
008 160428b xxu||||| |||| 00| 0 eng d
020 _a9780781762182
020 _a0781762189
041 _aeng
080 _a618.2
245 _aFundamentals of nursing:
_cRuth F. Craven; Constance J. Hirnle;
942 _2udc
_cBK
999 _c1651
_d1651